Operational amplifiers : design and applications

Uloženo v:
Podrobná bibliografie
Hlavní autor: Huelsman, Lawrence P. Editor
Další autoři: Graeme, Jerald G., Editor, Tobey, Gene E. Editor
Médium: Kniha
Jazyk:English
Vydáno: New York, New York : McGraw-Hill, 1971
Témata:
Tagy: Přidat tag
Žádné tagy, Buďte první, kdo vytvoří štítek k tomuto záznamu!

MARC

LEADER 00000nam a2200000Ia 4500
003 000443
005 20221231144006.0
008 140114s1971 nyua 000 ||eng d
040 |c cru CEDI 
082 |a 621.381.535 O-61-o 
100 |a Huelsman, Lawrence P.  |9 19110  |d Editor 
245 |a Operational amplifiers : design and applications  
260 |a New York, New York : McGraw-Hill,   |c 1971 
300 |a 473 páginas : ilustraciones 
648 |x AMPLIFICADORES OPERACIONALES  |9 19113 
700 |9 19112  |a Graeme, Jerald G.,  |d Editor 
700 |a Tobey, Gene E.  |d Editor  |9 19114 
942 |2 ddc  |c BK 
999 |c 15302  |d 15302